| Registos Bibliográficos associados ao registo de autoridade |
|
Etiqueta de registo: 01357cam 02200349 04500 001 79369 003 http://id.bnportugal.gov.pt/bib/catbnp/79369 100 ## $a19881231d1942 m a0pory01030103ba 101 0# $apor 102 ## $aPT 105 ## $ay z 000yy 106 ## $ar 200 1# $aBibliografia vicentina$fBiblioteca Nacional de Lisboa$gorg. Luísa Maria de Castro e Azevedo 210 #9 $aLisboa$cBiblioteca Nacional de Lisboa,$d1942 215 ## $aXII, 1002, [1] p.$d23 cm 317 ## $aBiblioteca Jorge de Sena$5PTBN: J.S. 1592 606 ## $j[Bibliografias]$2SIPOR$3288700 675 ## $a012$vmed$zpor$3289884 675 ## $a012 Vicente, Gil$vmed$zpor$3316011 675 ## $a92 Vicente, Gil (01)$vmed$zpor$3316012 702 #1 $aAzevedo,$bLuísa Maria de Castro e,$f1890-?$4220$311985 710 01 $aPortugal.$bBiblioteca Nacional de Lisboa$3992452 801 #0 $aPT$bBN$gRPC 856 40 $uhttps://purl.pt/334 856 41 $uhttps://purl.pt/334/service/media/cover/low 856 49 $uhttps://purl.pt/334/service/media/pdf$qapplication/pdf 958 ## $aBND$bLivre$cDigitalizado$d1$ehttps://purl.pt/334/service/media/cover/max 966 ## $lBN$mFGMON$nObra digitalizada em : PURL 334$sB. 2380 V. 966 ## $lBN$mFGMON$nUsual de Reservados$sB. 3508 V. 966 ## $lBN$mFGMON$pBiblioteca Jorge de Sena$sJ.S. 1592$x3 995 ## $aLIVRARIA $zBND$d20130911$idfontes 998 ## $aCR176 - 00202
Etiqueta de registo: 01130cam 02200325 04500 001 79718 003 http://id.bnportugal.gov.pt/bib/catbnp/79718 005 19990508121300.0 095 ## $aPTBN00082850 100 ## $a19891221d1931 km a0pory0103 ba 101 0# $apor 102 ## $aPT 105 ## $ay b 000yy 106 ## $ar 200 1# $aExposição vergiliana$ecatálogo$fBiblioteca Nacional de Lisboa$gorg. Luísa Maria de Castro e Azevedo 210 #9 $aLisboa$cB.N.L.,$d1931 215 ## $a[13], 214 p.$d24 cm 606 ## $j[Bibliografias]$2SIPOR$3288700 675 ## $a012$vmed$zpor$3289884 675 ## $a92 Virgílio$vmed$zpor$3312106 675 ## $a012 Virgílio$vmed$zpor$3312107 702 #1 $aAzevedo,$bLuísa Maria de Castro e,$f1890-?$4220$311985 710 01 $aPortugal.$bBiblioteca Nacional de Lisboa$3992452 801 #0 $aPT$bBN$gRPC 966 ## $lBN$mFGMON$s82 VIR BNP 966 ## $lBN$mFGMON$sB. 6910 V. 966 ## $lBN$mFGMON$sB. 7569 V. 966 ## $lBN$mFGMON$sB. 7569 V. 966 ## $lBN$mFGMON$sB. 10087 V. 966 ## $lBN$mFGMON$sB. 10087 V. 966 ## $lBN$mFGMON$sB. 10521 V. 966 ## $lBN$mFGMON$nDedicatória autógrafa de Mota Veiga ao Dr Felix Alves Pereira$sB. 11409 V.$x3 966 ## $lBN$mFGMON$sB. 10521 V. 966 ## $lBN$mFGMON$nDedicatória autógrafa de Mota Veiga ao Dr Felix Alves Pereira$sB. 11409 V.$x3 995 ## $aLIVRARIA $zBND$d20120521$idfontes 998 ## $aCR182 - 00286
Etiqueta de registo: 00647cam 02200205 04500 001 278602 003 http://id.bnportugal.gov.pt/bib/catbnp/278602 005 19990508121500.0 095 ## $aPTBN00289767 100 ## $a19891221d1959 k a0pora0103 ba 101 0# $apor 102 ## $aPT 200 1# $aBibliografia de mestres e alunos da Universidade de Évora na BNL$b[Texto policopiado] 210 #9 $a[Lisboa$cBN],$d1959 215 ## $a[212] f.$d34 cm 300 ## $aFotocópia do orig. da BN 675 ## $a013(469)$vmed$zfre$3294377 702 #1 $aAzevedo,$bLuísa Maria de Castro e,$f1890-?$4220$311985 710 01 $aPortugal.$bBiblioteca Nacional$33 801 #0 $aPT$bBN$gRPC 966 ## $lBN$mFGMON$nLocalização (C 35)$sB. 1284 A.
Etiqueta de registo: 01171cbm 02200289 i04500 001 305646 003 http://id.bnportugal.gov.pt/bib/catbnp/305646 005 19990508121500.0 095 ## $aPTBN00320526 100 ## $a19891221d1959 k y0pora0103 ba 101 0# $apor 102 ## $aPT 200 1# $aBibliografia de mestres e alunos da Universidade de Évora na Biblioteca Nacional de
Lisboa 210 #1 $d1959 215 ## $a[211] f., encadernado$d34 cm 300 ## $aFichas mss. e dactil. 300 ## $aBibliogr. org. pela bibliotecária da BN Luisa Maria de Castro e Azevedo aquando do
Congresso Comemorativo do IV Centenário da Universidade de Évora 300 ## $aCota antiga : B. 1270 A. 702 #1 $aAzevedo,$bLuísa Maria de Castro e,$f1890-?$4220$311985 710 01 $aPortugal.$bBiblioteca Nacional$33 801 #0 $aPT$bBN$gRPC 856 40 $uhttps://purl.pt/50353 856 41 $uhttps://purl.pt/50353/service/media/cover/low 856 49 $uhttps://purl.pt/50353/service/media/pdf$qapplication/pdf 958 ## $aBND$bLivre$cDigitalizado$d1$ehttps://purl.pt/50353/service/media/cover/max 966 ## $lBN$mRESMAN$sCOD. 12889 995 ## $aPRR2022 $d20231115$idfontes$zBND
Etiqueta de registo: 01016cam 02200289 04500 001 65673 003 http://id.bnportugal.gov.pt/bib/catbnp/65673 005 20020513154900.0 095 ## $aPTBN00067986 100 ## $a19900901d1931 m a0pory0103 ba 101 0# $apor 102 ## $aPT 200 1# $aExposição vergiliana$ecatálogo$fBiblioteca Nacional$gorg. Luísa Maria de Castro e Azevedo 210 #9 $aLisboa$cB.N.,$d1931 215 ## $a[13], 214 p.$d24 cm 518 1# $aExposição virgiliana 675 ## $a012 Virgílio$vmed$zpor$3312107 675 ## $a012$vmed$zpor$3289884 675 ## $a017$vBN$zpor$3312108 675 ## $a92 Virgílio$vmed$zpor$3312106 702 #1 $aAzevedo,$bLuísa Maria de Castro e,$f1890-?$4340$311985 702 #1 $aPereira,$bFélix Alves,$f1865-1936$4390$372375 702 #1 $aVeiga,$bAugusto Botelho da Costa,$f1881-1965$352445 710 01 $aPortugal.$bBiblioteca Nacional$33 801 #0 $aPT$bBN$gRPC 966 ## $lBN$mFGMON$nUsual Área de Referência$s82 VIR BNP 966 ## $lBN$mFGMON$nDedicatória autógrafa de Mota Veiga ao Dr Felix Alves Pereira$sB. 11409 V.$x3 998 ## $aCR161 - 00229
Etiqueta de registo: 00254nbm 2200025 450 001 2286947 003 http://id.bnportugal.gov.pt/bib/catbnp/2286947 100 ## $a20260526d1929 k y0pory01030103ba 101 0# $apor 102 ## $aPT 105 ## $ay z 000yy 106 ## $ah 200 1# $a [ Duplicados das Ordens de Serviço de Augusto Botelho da Costa Veiga, Director da
Biblioteca Nacional de Lisboa, relativas à gestão de pessoal, nomeadamente, substituições
por ausências de funcionários e directores, transferência de pessoal nas diversas
divisões, licenças, responsabilidades das respectivas categorias, escalas de serviço,
suspensões de funcionários, concursos de pessoal, colocação de pessoal, processos
disciplinares, sindicância, louvores, e sobre organização, cumprimento de regulamentos,
convocação de reuniões, regras de catalogação, exposições e publicações] 210 #1 $aLisboa,$d14 de Janeiro de 1929-6 de Abril de 1950 215 ## $a668 doc.$d28 cm 300 ## $aCópias, algumas assinadas por Fernando Ernesto Bizarro Enes e Carlos Frederico de
Lancastre Schwalbach Lucci, Álvaro Vicente Leal e Arnaldo Faria de Ataíde e Melo (Bibliotecários
da BNL) 321 1# $aInventário do Arquivo Histórico da Biblioteca Nacional: 1796-1950. Lisboa: BN, 1996.
P. 56-57 327 11 $aInclui duplicados que não existem na forma original, datados de 7 de Janeiro de 1937
a 6 de Abril de 1950, alguns assinados por Augusto Botelho da Costa Veiga (Director),
Carlos Frederico de Lancastre Schwalbach Lucci, Álvaro Vicente Leal, Arnaldo Faria
de Ataíde e Melo, Durval Rui Pires de Lima, Manuela Candida Martins e Luisa Maria
de Castro Azevedo (Bibliotecários, Chefes de Secretária) 700 #1 $aVeiga,$bAugusto Botelho da Costa,$f1881-1965$352445 701 #1 $aSchwalbach,$bCarlos Frederico de Lancastre,$f1884-1970$4070$31999298 701 #1 $aEnes,$bFernando Ernesto Bizarro,$ffl. 1912$4070$31999299 701 #1 $aMelo,$bArnaldo Faria de Ataíde e,$f1886-1950$4070$3140914 701 #1 $aLima,$bDurval Pires de,$f1905-1988$4070$3135435 701 #1 $aAzevedo,$bLuísa Maria de Castro e,$f1890-?$4070$311985 801 #0 $aPT$bBN$gRPC 966 ## $lBN$mRESARQ$sAHBN/CR/08/Cx. 03-Mc. 03-01-668 971 ## $cmrosario$d20260527
Etiqueta de registo: 00254nbm 2200025 450 001 2287235 003 http://id.bnportugal.gov.pt/bib/catbnp/2287235 100 ## $a20260529d19371950k y0pory01030103ba 101 0# $apor 102 ## $aPT 105 ## $ay z 000yy 106 ## $ah 200 1# $a [ Livro de registo das Ordens de Serviço da Biblioteca Nacional de Lisboa] 210 #1 $aLisboa,$d7 de Janeiro de 1937-11 de Julho de 1950 215 ## $a1 livro (... f.)$d29 cm 321 1# $aInventário do Arquivo Histórico da Biblioteca Nacional: 1796-1950. Lisboa: BN, 1996.
P. 56-57 327 11 $aOrdens de Serviço (N.º 702-N.º 1054), assinadas pelo Director da BNL, Augusto Botelho
da Costa Veiga, e pelos Bibliotecários, Carlos Frederico de Lancastre Schwalbach
Lucci, Álvaro Vicente Leal e Carlos Alberto Galvão Simões, e pelas Bibliotecárias,
Luisa Maria de Castro e Azevedo e Manuela Cândida Martins, relativas à gestão de pessoal,
nomeadamente, transferências internas de pessoal, escalas de serviço, suspensões de
funcionários, concursos de pessoal, nomeações, organização de serviços, sindicância,
louvores, e sobre organização, cumprimento de regulamentos, convocação de reuniões,
regras de catalogação, exposições, presença em leilões, comportamento inadequado de
leitores, entre outros 701 #1 $aAzevedo,$bLuísa Maria de Castro e,$f1890-?$4070$311985 701 #1 $aSchwalbach,$bCarlos Frederico de Lancastre,$f1884-1970$4070$31999298 701 #1 $aSimões,$bC. A. Galvão,$f1901-$4070$3105527 801 #0 $aPT$bBN$gRPC 966 ## $lBN$mRESARQ$sAHBN/CR/08/Lv. 05 971 ## $cmrosario$d20260601
|
|
|